Second sex (Record no. 166341)

MARC details
000 -LEADER
fixed length control field 00603nam a2200229Ia 4500
003 - CONTROL NUMBER IDENTIFIER
control field OSt
005 - DATE AND TIME OF LATEST TRANSACTION
control field 20230619163207.0
008 - FIXED-LENGTH DATA ELEMENTS--GENERAL INFORMATION
fixed length control field 210423s2011 xx 000 0 und d
020 ## - INTERNATIONAL STANDARD BOOK NUMBER
International Standard Book Number 978-0-19-945041-2
040 ## - CATALOGING SOURCE
Transcribing agency AL
041 ## - LANGUAGE CODE
Language code of text/sound track or separate title eng
082 ## - DEWEY DECIMAL CLASSIFICATION NUMBER
Classification number 305.4 DEBS
100 ## - MAIN ENTRY--PERSONAL NAME
Personal name DE BEAUVOIR (Simone)
9 (RLIN) 105239
245 ## - TITLE STATEMENT
Title Second sex
Statement of responsibility, etc. Borde (Constance);MALOVANY-CHEVALLIER (Sheila) Tr
260 ## - PUBLICATION, DISTRIBUTION, ETC.
Place of publication, distribution, etc. New Delhi
Name of publisher, distributor, etc. Vintage Books
Date of publication, distribution, etc. 2011
300 ## - PHYSICAL DESCRIPTION
Extent xxv,822
Other physical details PB
365 ## - TRADE PRICE
Price amount 899
Currency code INR
650 ## - SUBJECT ADDED ENTRY--TOPICAL TERM
Topical term or geographic name entry element Sociology
9 (RLIN) 105240
650 ## - SUBJECT ADDED ENTRY--TOPICAL TERM
Topical term or geographic name entry element Women Studies
9 (RLIN) 105241
906 ## - LOCAL DATA ELEMENT F, LDF (RLIN)
a Second ; sex
942 ## - ADDED ENTRY ELEMENTS (KOHA)
Source of classification or shelving scheme Dewey Decimal Classification
Koha item type Book
Holdings
Withdrawn status Lost status Damaged status Not for loan Collection code Home library Current library Date acquired Source of acquisition Cost, normal purchase price Total Checkouts Full call number Barcode Date last seen Price effective from Koha item type
        MA English St Aloysius PG Library St Aloysius PG Library 01/21/2015 Biblios Book Point 899.00   305.4 DEBS PG012841 08/24/2022 04/26/2021 Book
        MA English St Aloysius PG Library St Aloysius PG Library 01/21/2015 Biblios Book Point 899.00   305.4 DEBS PG012842 08/24/2022 04/26/2021 Book